000 01482nam a2200205 a 4500
008 200313s2008 A ||||gr|||| 00| 0 spa d
020 _a9789505471010
041 _aspa
092 _c808
_l8
_sBRA
100 1 _aBradbury, Ray.
_93937
245 _aCrónicas marcianas /
_cRay Bradbury.
250 _a4a ed.
_bTraducción Francisco Abelenda.
260 _aBuenos Aires:
_bMinotauro;
_c2008.
300 _a280 p.
_b19x13 cm.
500 _aBradbury, R. (2008). Crónicas marcianas. (4a ed.). Buenos Aires : Alfaguara.
505 _aEsta colecciòn de relatos reùne la crònica de la colonizaciòn de Marte por parte de una humanidad que abandona la Tierra en sucesivas oleadas de cohetes plateados y sueña con reproducir en el Planeta Rojo una civilizaciòn de perritos calientes, còmodos sofàs y limonada en el porche al atardecer. Pero los colonos tambièn traen equipajes las enfermedasdes que diezmaràn a los marcianos y mostraràn muy poco respeto por una cultura planetaria, misteriosa y fascinate , que èstos intentaràn proteger ante la rapacidad de los terrìcolas. Escritas en la dècada de 1940 y situadas en el lejano futuro que comienza en 1999, estas historias, aparentemente sencillas, sirven de excusa para que Bradbury se sumerja en los misterios del alma y desarrolle una de las hazañas màs apasionantes de la humanidad.
590 _aProyecto 4to libro. Donación Gómez Sifuentes Stefania. Marzo 2020.
655 _aLiteratura
_92917
942 _2ddc
_cLIT
999 _c3098
_d3098